Szczegóły MARC21

Leniwe literki : dla dzieci od 6 lat /

003 -Nazwa inst., której nr kontr. jest w polu 001 [,]
    • @
    • Nazwa instytucji, której n kontrolny jest w polu 001
    • NUKAT
005 -DATA I CZAS OSTATNIEJ MODYFIKACJI [,]
    • @
    • pole kontrolne
    • 20241231101553.0
020 -Międzynarod. znormalizowany nr książki - ISBN [ , ]
    • a
    • Numer ISBN
    • 8373157255 Find
040 -Instytucja sporządzająca opis [ , ]
    • a
    • Instytucja, która sporządziła opis (NP)
    • WR 56/eb
    • c
    • Instytucja, która sporządziła rekord (NP)
    • WR 56/eb
    • d
    • Instytucja, która zmodyfikowała rekord (P)
    • WR 56/ms
    • d
    • Instytucja, która zmodyfikowała rekord (P)
    • KIEL 010/HLs
942 -Rodzaj dokumentu [ , ]
    • c
    • Rodzaj dokumentu
    • Książka
100 -Hasło główne - nazwa osobowa [1, ]
    • a
    • Nazwa osobowa (NP)
    • Strękowska-Zaremba, Małgorzata
    • d
    • Daty biograficzne (NP)
    • (1960- ).
    • 9
    • KHW
    • 459486
245 -Strefa tytułu i oznaczenia odpowiedzialności [1,0]
    • a
    • Tytuł
    • Leniwe literki : Find
    • b
    • Ciąg dalszy tytułu (NP)
    • dla dzieci od 6 lat / Find
    • c
    • Pozostałe elementy strefy tytułu i oznaczenia odpowiedzialności (NP)
    • Małgorzata Strękowska-Zaremba ; [oprac. graf. Magdalena Pilch].
260 -Strefa adresu wydawniczego [ , ]
    • a
    • Miejsce wydania (P)
    • Kielce :
    • b
    • Nazwa wydawcy (P)
    • MAC Edukacja,
    • c
    • Data wydania (P)
    • cop. 2005.
300 -Strefa opisu fizycznego [ , ]
    • a
    • Określenie formy książki i/lub objętość (NP)
    • 48 s. :
    • b
    • Oznaczenie ilustracji (NP)
    • il. kolor. ;
    • c
    • Format (NP)
    • 28 cm.
336 -Typ zawartości [ , ]
    • a
    • Termin opisujący typ zawartości
    • Tekst
    • b
    • Kod określający zawartość
    • txt
    • 2
    • Źródło (terminu i kodu)
    • rdacontent
337 -Typ mediów [ , ]
    • a
    • Tryb odtwarzania
    • Bez urządzenia pośredniczącego
    • b
    • Kod typu mediów
    • n
    • 2
    • Źródło (terminu i kodu)
    • rdamedia
338 -Typ/rodzaj nośnika [ , ]
    • a
    • Hasło opisujące typ nośnika
    • Wolumin
    • b
    • Kod typu nośnika
    • nc
    • 2
    • Źródło (terminu i kodu)
    • rdacarrier
080 -Uniwersalna Klasyfikacja Dziesiętna [ , ]
    • 2
    • Identyfikator wydania tablic
    • UDC-PO58
    • a
    • Symbol klasyfikacji
    • 821.162.1-93
    • b
    • Dopowiedzenie
    • Literatura polska - literatura dla dzieci i młodzieży (do lat 16).
650 -Hasło przedmiotowe [ ,7]
    • a
    • Hasło przedmiotowe
    • Pismo
    • v
    • Określnik formalny
    • zadania i ćwiczenia.
    • 2
    • Źródło terminu
    • kaba
    • 9
    • KHW
    • 423539
650 -Hasło przedmiotowe [ ,7]
    • a
    • Hasło przedmiotowe
    • Czytanie
    • v
    • Określnik formalny
    • zadania i ćwiczenia.
    • 2
    • Źródło terminu
    • kaba
    • 9
    • KHW
    • 419554
980 -Symbol UKD [ , ]
    • a
    • UKD
    • 821.162.1-93
700 -Hasło dodatkowe - nazwa osobowa [1, ]
    • a
    • Nazwa osobowa (NP)
    • Pilch, Magdalena Find
    • d
    • Daty biograficzne (NP)
    • (1974- ).
    • e
    • Określenie rodzaju współpracy
    • Il.
    • 9
    • KHW
    • 248077
710 -Hasło dodatkowe - nazwa ciała zbiorowego [2, ]
    • a
    • Nazwa ciała zbiorowego lub nazwa geograficzna jako pierwszy element (NP)
    • MAC Edukacja.
    • 4
    • Kod relacji
    • pbl
    • 9
    • KHW
    • 78433
920 -ISBN [ , ]
    • a
    • ISBN
    • 83-7315-725-5 Find
Status udost. Numer inwentarzowy Data inwentaryzacji Lokalizacja
1Pd.190702008-01-22BG